Deutsche Fußball-Nationalspieler 2020 - Statistiken

Allgemein
  • Dieses Quiz wurde 133 mal gespielt
  • Das Durchschnittsergebnis liegt bei 17 aus 34
Antwortstatistiken
Hint Antwort % Korrekt
Tor Manuel Neuer
99%
Tor Kevin Trapp
94%
Tor Bernd Leno
82%
Mittelfeld Joshua Kimmich
79%
Abwehr Niklas Süle
76%
Angriff Leroy Sané
74%
Angriff Serge Gnabry
72%
Abwehr Antonio Rüdiger
71%
Angriff Timo Werner
70%
Mittelfeld Toni Kroos
69%
Angriff Kai Havertz
68%
Mittelfeld Leon Goretzka
68%
Mittelfeld İlkay Gündoğan
63%
Abwehr Matthias Ginter
61%
Mittelfeld Julian Brandt
55%
Abwehr Emre Can
52%
Abwehr Jonathan Tah
50%
Abwehr Robin Gosens
50%
Abwehr Lukas Klostermann
48%
Mittelfeld Jonas Hofmann
46%
Abwehr Thilo Kehrer
41%
Abwehr Marcel Halstenberg
40%
Mittelfeld Julian Draxler
37%
Abwehr Benjamin Henrichs
36%
Mittelfeld Florian Neuhaus
30%
Abwehr Robin Koch
29%
Abwehr Nico Schulz
21%
Abwehr Ridle Baku
16%
Mittelfeld Nadiem Amiri
14%
Abwehr Niklas Stark
14%
Mittelfeld Mahmoud Dahoud
12%
Abwehr Philipp Max
12%
Angriff Luca Waldschmidt
8%
Mittelfeld Suat Serdar
8%
Keine übereinstimmenden Quizze gefunden
Verteilung der Resultate
Anzahl Personen mit jedem Resultat
Perzentil nach korrekt beantworteten Fragen
Ihre Resultats-Entwicklung
Sie haben dieses Quiz noch nicht gespielt